000
00241nam a2200097Ia 4500
008
230508s1989 xx 000 0 und d
041
_a
eng
100
_a
HOUPIS & AZZO
245
_a
FEEDBACK CONTROL SYSTEM ANALYSIS SYNTHESIS.
260
_c
1989
999
_c
731373
_d
731373